000 01691nam a2200229Ia 4500
999 _c55475
_d55475
001 22557
003 GE_BSU
005 20220920143336.0
008 181216s2009||||ge |||||||||||||| ||geo||
040 _cGE_BSU
041 _ageo
080 _a 57 ა-78
100 _aარდემანაშვილი, თამილა
_911689
245 _aბუტია პალმის ნაყოფის ქიმიური შემადგენლობის შესწავლა მათგან მაღალი კვებითი ღირებულების პროდუქტების წარმოების მიზნით : დისერტაცია /
_cთამილა არდემანაშვილი; სამეცნიერო ხელმძღვანელი მ. სილაგაძე; ბათუმის შოთა რუსთაველის სახ-ფო უნ-ტი.
264 _aბათუმი,
_c2009.
300 _a121 გვ. ;
_b30 სმ.
653 _aბუტია პალმის ნაყოფის ქიმიური შემადგენლობის შესწავლა მათგან მაღალი კვებითი ღირებულების პროდუქტების წარმოების მიზნით
653 _a დისერტაცია
700 _a სილაგაძე, მ.
_eსამეცნიერო ხელმძღვანელი
_911690
710 _aბათუმის შოთა რუსთაველის სახ-ფო უნ-ტი
_911691
942 _cBK
_2udc